[Event "Lvov Maksym Yusupov Memorial 3rd"]
[Site "Lvov"]
[Date "2015.03.08"]
[Round "8"]
[White "Bordovsky, Vladimir"]
[Black "Nester, Ihor"]
[Result "0-1"]
[WhiteElo "2340"]
[BlackElo "2269"]
[PlyCount "77"]
[EventDate "2015.03.06"]
[EventType "tourn (rapid)"]
[EventRounds "9"]
[EventCountry "UKR"]
[EventCategory "1"]
[SourceTitle "CBM 165 Extra"]
[Source "ChessBase"]
[SourceDate "2015.04.21"]
[SourceVersion "1"]
[SourceVersionDate "2015.04.21"]
[SourceQuality "1"]

1. b4 e6 2. Bb2 Nf6 3. b5 b6 4. Nf3 Bb7 5. e3 Be7 6. Be2 0-0 7. 0-0 c5 8. a4 a5 9. d3 d5 10. Ne5 Nfd7 11. Nf3 Bf6 12. d4 Qc7 13. c4 dxc4 14. Na3 c3 15. Bxc3 cxd4 16. Bxd4 Bxd4 17. exd4 Nf6 18. Rc1 Qe7 19. Nc4 Nbd7 20. Nfe5 Rac8 21. Bf3 Bxf3 22. Qxf3 Nxe5 23. dxe5 Nd5 24. Nd6 Rxc1 25. Rxc1 Qg5 26. Re1 Qd2 27. Qd1 Qc3 28. h3 h6 29. Re4 Rd8 30. Qh5 Rd7 31. Kh2 Qd2 32. Qh4 f5 33. Rc4 Qe2 34. Rc8+ Kh7 35. Qg3 f4 36. Qf3 Qxe5 37. Qd3+ g6 38. Nc4 Qf6 39. Qe4 0-1

[Event "Lvov Maksym Yusupov Memorial 3rd"]
[Site "Lvov"]
[Date "2015.03.06"]
[Round "2"]
[White "Bordovsky, Vladimir"]
[Black "Buksa, Nataliya"]
[Result "1-0"]
[WhiteElo "2340"]
[BlackElo "2160"]
[PlyCount "59"]
[EventDate "2015.03.06"]
[EventType "tourn (rapid)"]
[EventRounds "9"]
[EventCountry "UKR"]
[EventCategory "1"]
[SourceTitle "CBM 165 Extra"]
[Source "ChessBase"]
[SourceDate "2015.04.21"]
[SourceVersion "1"]
[SourceVersionDate "2015.04.21"]
[SourceQuality "1"]

1. c4 Nf6 2. Nc3 d5 3. cxd5 Nxd5 4. g3 g6 5. Bg2 Nxc3 6. bxc3 Bg7 7. Rb1 c6 8. Nf3 0-0 9. 0-0 Qa5 10. Qc2 Nd7 11. c4 Nc5 12. d3 e5 13. Bd2 Qc7 14. Bb4 b6 15. Nd2 Rd8 16. Bxc5 bxc5 17. Qa4 Bg4 18. Rfe1 Rab8 19. Rb3 Rdc8 20. h3 Bd7 21. Ne4 Rxb3 22. axb3 Qb6 23. Qa3 Qb4 24. Ra1 Rc7 25. Qa5 Qxa5 26. Rxa5 Bf8 27. Nxc5 Bc8 28. b4 Kg7 29. e3 f6 30. Kf1 1-0